Ontologies for software engineering and software technology (Record no. 10110)
[ view plain ]
| 000 -LEADER | |
|---|---|
| fixed length control field | 00779 a2200241 4500 |
| 020 ## - INTERNATIONAL STANDARD BOOK NUMBER | |
| International Standard Book Number | 3540345175 |
| 020 ## - INTERNATIONAL STANDARD BOOK NUMBER | |
| International Standard Book Number | 9783540345176 |
| 040 ## - CATALOGING SOURCE | |
| Original cataloging agency | DLC |
| Language of cataloging | DLC |
| 100 ## - MAIN ENTRY--PERSONAL NAME | |
| Personal name | Calero, Coral |
| 245 00 - TITLE STATEMENT | |
| Title | Ontologies for software engineering and software technology |
| Statement of responsibility, etc. | Coral Calero, Francisco Ruiz, Mario Piattini |
| 260 ## - PUBLICATION, DISTRIBUTION, ETC. | |
| Place of publication, distribution, etc. | New York : |
| Name of publisher, distributor, etc. | Springer, |
| Date of publication, distribution, etc. | c2006. |
| 300 ## - PHYSICAL DESCRIPTION | |
| Extent | xiii, 339 p. : |
| Other physical details | ill. ; |
| Dimensions | 25 cm. |
| 650 #0 - SUBJECT ADDED ENTRY--TOPICAL TERM | |
| Topical term or geographic name entry element | Ontologies (Information retrieval) |
| 650 #0 - SUBJECT ADDED ENTRY--TOPICAL TERM | |
| Topical term or geographic name entry element | Software engineering. |
| 650 #0 - SUBJECT ADDED ENTRY--TOPICAL TERM | |
| Topical term or geographic name entry element | Ontologies (Recherche de l'information) |
| 650 #0 - SUBJECT ADDED ENTRY--TOPICAL TERM | |
| Topical term or geographic name entry element | Genie logiciel. |
| 650 #0 - SUBJECT ADDED ENTRY--TOPICAL TERM | |
| Topical term or geographic name entry element | Programmatuurtechniek. |
| 650 #0 - SUBJECT ADDED ENTRY--TOPICAL TERM | |
| Topical term or geographic name entry element | Terminologie. |
| 700 1# - ADDED ENTRY--PERSONAL NAME | |
| Personal name | Calero, Coral, |
| Dates associated with a name | 1968- |
| 700 1# - ADDED ENTRY--PERSONAL NAME | |
| Personal name | Ruiz, Francisco, |
| Dates associated with a name | 1967- |
| 700 1# - ADDED ENTRY--PERSONAL NAME | |
| Personal name | Piattini, Mario, |
| Dates associated with a name | 1966- |
| 942 ## - ADDED ENTRY ELEMENTS (KOHA) | |
| Koha item type | Book |
| Call number prefix | 005.1 CAL |
| Source of classification or shelving scheme | |
| Withdrawn status | Lost status | Damaged status | Not for loan | Collection code | Permanent Location | Current Location | Shelving location | Date acquired | Source of acquisition | Cost, normal purchase price | Total Checkouts | Total Renewals | Full call number | Barcode | Date last seen | Date last checked out | Price effective from | Koha item type |
|---|---|---|---|---|---|---|---|---|---|---|---|---|---|---|---|---|---|---|
| Central Library (CL) | Central Library (CL) | First Floor - Software Engineering/ Programming Language | 03/15/2010 | Star Book | 12100.43 | 1 | 1 | 005.1 CAL | SEECS010028 | 07/05/2015 | 01/20/2014 | 01/05/2017 | Book | |||||
| Central Library (CL) | Central Library (CL) | First Floor - Software Engineering/ Programming Language | 03/15/2010 | Star Book | 12100.43 | 005.1 CAL | SEECS010027 | 11/14/2012 | 01/05/2017 | Book | ||||||||
| Central Library (CL) | Central Library (CL) | First Floor - Software Engineering/ Programming Language | 03/15/2010 | Star Book | 12100.43 | 005.1 CAL | SEECS010029 | 11/14/2012 | 01/05/2017 | Book |
